| 000 | 01264cam a22002054a 4500 | ||
|---|---|---|---|
| 005 | 20250605164038.0 | ||
| 008 | 250528s ||||||||||||||||||||||||d | ||
| 035 | _a16879 | ||
| 020 | _a486435164 | ||
| 040 |
_aGR-AtMCL _bgre _dGR-AtMCL _eAACR2 |
||
| 245 | 1 | _aMathematical Methods for Scientists and Engineers / Linear and Non-Linear Systems | |
| 250 | _a1st | ||
| 260 |
_bDover Publications, Inc, _c2004 |
||
| 300 | _a474 | ||
| 520 | _aThis text introduces linear and nonlinear problems and their associated models. Linear Systems, Miscellaneous Resources, Matrix Theory, The Gamma and Related Functions, Elements of Asymptotics, Evaluation of Sums: The Euler - Mac Laurin Sum Expansion, Evaluation of Integrals: The Laplace Method, Differential Equations, Nonlinear Systems, The Simple Harmonic Oscillator and the Logistic Equation, Aspects of Harmonic Motion and the Concept of Secular Terms, Conservative Systems, Non conservative Systems, The Method of Averaging (MOA), The Method of Multiple Times Scales (MMTS), Higher-Order Calculations, Error Analysis, One-Dimensional Iterative Maps and the Onset of Chaos, Appendix: A Discussion of Euler's Constant, Index | ||
| 700 | 1 |
_aKahn Peter B _92969 |
|
| 942 | _cBK | ||
| 999 |
_c2331 _d2331 |
||